000 00406nam a2200145Ia 4500
999 _c3001
_d3001
008 200103s 2000 ||||xx |||||||||||||| ||und||
020 _a0074602314
082 _a621.51
_bMAJ
100 _aMajumdar, S.R.
245 0 _aPneumatic Systems Principles and maintainance
250 _a3rd Ed.
260 _bTata McGraw-Hill Publishing Comp. Ltd.
_c2000
_aNew Delhi
300 _aXI, 282p.
942 _cBK